Junior Mathematics-1 (Record no. 3057)

MARC details
000 -LEADER
fixed length control field 00228nam a22000857a 4500
008 - FIXED-LENGTH DATA ELEMENTS--GENERAL INFORMATION
fixed length control field 160912b xxu||||| |||| 00| 0 eng d
100 ## - MAIN ENTRY--PERSONAL NAME
9 (RLIN) 398
Personal name Gupta. A.D.etal
245 ## - TITLE STATEMENT
Title Junior Mathematics-1
260 ## - PUBLICATION, DISTRIBUTION, ETC. (IMPRINT)
Place of publication, distribution, etc. New Delhi
Name of publisher, distributor, etc. B.B Publishers
Date of publication, distribution, etc. 2011
Holdings
Withdrawn status Lost status Source of classification or shelving scheme Damaged status Koha normalized classification for sorting Not for loan Home library Current library Shelving location Date acquired Total Checkouts Full call number Barcode Date last seen Price effective from Koha item type
    Dewey Decimal Classification   500_000000000000000   Good Samaritan School Library Good Samaritan School Library Mathematics 09/12/2016   500 GUP10082 09/12/2016 09/12/2016 BOOK

Powered by Koha